| 000 | 00973njm a22002417a 4500 | ||
|---|---|---|---|
| 005 | 20100901115333.0 | ||
| 006 | a|||||r|||||00| 0 | ||
| 007 | sd ammalaaahaa | ||
| 008 | 100901t xxu||||| |||| 00| 0 eng d | ||
| 028 |
_aGE 18137 _bColumbia |
||
| 035 | _aGR-382 | ||
| 040 |
_aSED _cSED |
||
| 100 |
_aRatanjankar,S,N. _917891 |
||
| 245 |
_aPayal mori : _b(khyal naind duth ) / _cby S.N. Ratanjankar _h[Sound recording] |
||
| 246 | _aपायल मोरी / स .न . रातनजनकर | ||
| 260 |
_aDUM DUM, India _bColumbia |
||
| 300 |
_a1 Sound disc [Gramophone Recording] : _banalog, 33 1/3 rpm _c9.5 in. (MP) _fGramophone Record |
||
| 500 | _aBrief record | ||
| 505 | _aSide-2 लाज श्रम -(खम्बावती दूत ) (Laj shram-(khambavati duth) (S.N. Ratanjankar) | ||
| 650 |
_aClassical music _xExcerpts _zIndia _917892 |
||
| 942 |
_2ddc _cGR |
||
| 999 |
_c43531 _d43531 |
||